| 000 | 00597nam a2200193 i 4500 | ||
|---|---|---|---|
| 001 | 115525 | ||
| 003 | ES-MaACL | ||
| 007 | t| | ||
| 008 | 070314s1922 sp ||||1| spa d | ||
| 080 | _a621.315 | ||
| 100 | 1 |
_aMarín Bonell, Manuel. _976773 |
|
| 245 | 1 | 0 |
_aCoexistencia de líneas de alta y baja tensión / _cpor Manuel Marín. |
| 300 |
_a223 p. : _bil. ; _c17 cm. |
||
| 490 | 1 |
_aBiblioteca del electricista práctico ; _v36 |
|
| 650 | 1 | 4 |
_aLíneas eléctricas. _914461 |
| 830 | 0 |
_aBiblioteca del electricista práctico ; _v36 _9186267 |
|
| 852 |
_aES-MaACL _jB-3769 |
||
| 999 |
_c115525 _d115525 |
||